| 000 | 00754aam a2200289 4500 | ||
|---|---|---|---|
| 005 | 20160921092121.0 | ||
| 008 | 150618b xxu||||| |||| 00| 0 spa d | ||
| 041 | _aEspañol | ||
| 082 | _a395 A258b | ||
| 100 |
_aAfrica, Ana María _921628 |
||
| 100 |
_aPérez Serrano, Mabel _921629 |
||
| 245 | _aBuenos modos, malas modas: urbanidad siglo XXI | ||
| 260 | _aEspañol | ||
| 260 | _bBiblioteca Nueva | ||
| 260 | _c2002 | ||
| 300 | _a222 páginas | ||
| 650 |
_aURBANIDAD _95236 |
||
| 650 |
_aMODAS _916523 |
||
| 650 |
_aETIQUETA _92786 |
||
| 650 |
_aTELÉFONO _95266 |
||
| 650 |
_aFAX _916631 |
||
| 650 |
_aCORREO ELECTRÓNICO _921630 |
||
| 650 |
_aBANQUETES _95248 |
||
| 650 |
_aBEBIDAS _91735 |
||
| 650 |
_aCOMUNICACIÓN _9490 |
||
| 942 | _cBK | ||
| 999 |
_c913 _d913 |
||